Martin Scorsese Films - Statistics

General Stats
  • This quiz has been taken 614 times
    547 since last reset
  • The average score is 18 of 25
Answer Stats
Year Film % Correct
1990 Goodfellas
96%
1976 Taxi Driver
95%
2019 The Irishman
95%
1995 Casino
90%
2006 The Departed
90%
1980 Raging Bull
89%
2013 The Wolf of Wall Street
88%
1973 Mean Streets
86%
2010 Shutter Island
86%
2002 Gangs of New York
84%
2004 The Aviator
81%
2011 Hugo
78%
1983 The King of Comedy
73%
2016 Silence
71%
1991 Cape Fear
70%
1988 The Last Temptation of Christ
60%
1977 New York, New York
56%
1985 After Hours
52%
1974 Alice Doesn't Live Here Anymore
52%
1986 The Color of Money
52%
1993 The Age of Innocence
51%
1997 Kundun
48%
1972 Boxcar Bertha
42%
1999 Bringing Out the Dead
40%
1967 Who's That Knocking at My Door
28%
No matching quizzes found
Score Distribution
Percent of People with Each Score
Percentile by Number Answered
Your Score History
You have not taken this quiz since the last reset